[Event "Calvi Balagne rapid KO 12th"]
[Site "Calvi"]
[Date "2014.05.24"]
[Round "1.2"]
[White "Massardo, Sebastien"]
[Black "Bacrot, Etienne"]
[Result "0-1"]
[WhiteElo "1342"]
[BlackElo "2704"]
[PlyCount "60"]
[EventDate "2015.05.24"]
[EventType "k.o. (rapid)"]
[EventRounds "14"]
[EventCountry "FRA"]
[SourceTitle "EXT 2016"]
[Source "ChessBase"]
[SourceDate "2015.10.08"]
[SourceVersion "1"]
[SourceVersionDate "2015.10.08"]
[SourceQuality "1"]

1. d4 Nf6 2. c4 g6 3. Nf3 Bg7 4. g3 c5 5. Bg2 cxd4 6. Nxd4 Nc6 7. Nc3 0-0 8. 0-0 Qa5 9. Nf3 d6 10. Nd5 Bg4 11. a3 Rac8 12. Bd2 Qd8 13. Bc3 Nxd5 14. cxd5 Bxf3 15. Bxf3 Ne5 16. Bg2 Qb6 17. Rb1 Rc4 18. e3 Nd7 19. Bxg7 Kxg7 20. b3 Rc7 21. Qd2 Rfc8 22. Be4 Nf6 23. Qb2 Kg8 24. Bf3 Rc2 25. Qa1 h5 26. b4 Qc7 27. Bd1 Rc3 28. Bb3 Ne4 29. Rfd1 Qd7 30. f3 Ng5 0-1